[Event "TUR-chT2"]
[Site "Konya"]
[Date "2017.07.15"]
[Round "9.10"]
[White "Gok, Fatih"]
[Black "Bilir, Bora"]
[Result "1-0"]
[WhiteElo "1970"]
[BlackElo "1707"]
[PlyCount "93"]
[EventDate "2017.07.09"]
[EventType "team-swiss"]
[EventRounds "9"]
[EventCountry "TUR"]
[SourceTitle "CBM 179 Extra"]
[Source "ChessBase"]
[SourceDate "2017.08.23"]
[SourceVersion "1"]
[SourceVersionDate "2017.08.23"]
[SourceQuality "1"]
[WhiteTeam "Selcuklu Belediyesi"]
[BlackTeam "Genclik Egitim"]
[WhiteTeamCountry "TUR"]
[BlackTeamCountry "TUR"]

1. d4 Nf6 2. c4 e6 3. Nf3 b6 4. a3 Bb7 5. Nc3 d5 6. cxd5 Nxd5 7. Qc2 Nxc3 8. bxc3 Nd7 9. e4 c5 10. Bd3 Be7 11. 0-0 Rc8 12. Qe2 0-0 13. Bb2 Qc7 14. Rad1 c4 15. Bc2 Rfe8 16. e5 b5 17. h4 Nb6 18. Bc1 Nd5 19. Bd2 g6 20. Ra1 a5 21. h5 b4 22. axb4 axb4 23. hxg6 hxg6 24. cxb4 c3 25. Bh6 Nxb4 26. Be4 Bxe4 27. Qxe4 Qc6 28. Qg4 Bf8 29. Bxf8 Kxf8 30. Ng5 Re7 31. Qh4 Ke8 32. Ne4 Kd7 33. Nc5+ Kd8 34. Rfb1 Rb8 35. Ra7 Qe8 36. Nb7+ Rbxb7 37. Rxb7 Nc6 38. Rb8+ Nxb8 39. Rxb8+ Kd7 40. Rxe8 Rxe8 41. Qe4 Rc8 42. Qc2 Rc4 43. Kf1 Kc6 44. Ke2 Kd5 45. Ke3 Rxd4 46. Qb3+ Rc4 47. Kd3 1-0